[Event "European Youth Chess Championship B12"]
[Site "Prague, Top Hotel Prague"]
[Date "2012.08.24"]
[Round "8.1"]
[White "Martirosyan, Haik M"]
[Black "Pechac, Jergus"]
[Result "1-0"]
[WhiteElo "2019"]
[BlackElo "2081"]
[PlyCount "0"]
[EventDate "2012.08.17"]

1. e4 {[%clk 1:30:58]} d6 {[%clk 1:30:19]} 2. d4 {[%clk 1:31:18]} g6
{[%clk 1:30:20]} 3. Nc3 {[%clk 1:31:33]} Bg7 {[%clk 1:30:17]} 4. f4
{[%clk 1:30:38]} a6 {[%clk 1:30:01]} 5. Nf3 {[%clk 1:29:33]} b5 {[%clk 1:28:14]}
6. Bd3 {[%clk 1:25:45]} Bb7 {[%clk 1:26:34]} 7. O-O {[%clk 1:24:14]} Nd7
{[%clk 1:19:45]} 8. e5 {[%clk 1:19:28]} e6 {[%clk 1:09:42]} 9. a4
{[%clk 1:15:51]} b4 {[%clk 1:09:12]} 10. Ne4 {[%clk 1:15:46]} d5 {[%clk 1:06:16]}
11. Ned2 {[%clk 1:08:27]} c5 {[%clk 1:02:10]} 12. dxc5 {[%clk 1:08:26]} Nxc5
{[%clk 1:02:21]} 13. Nb3 {[%clk 1:08:50]} Nxb3 {[%clk 0:51:15]} 14. cxb3
{[%clk 1:09:18]} Ne7 {[%clk 0:50:46]} 15. Nd4 {[%clk 1:07:22]} O-O
{[%clk 0:44:30]} 16. Be3 {[%clk 1:06:25]} a5 {[%clk 0:36:53]} 17. Qe2
{[%clk 1:05:02]} Nf5 {[%clk 0:26:13]} 18. Nxf5 {[%clk 1:02:00]} exf5
{[%clk 0:24:39]} 19. Bd4 {[%clk 1:01:52]} Re8 {[%clk 0:24:27]} 20. Qf2
{[%clk 0:59:25]} Re6 {[%clk 0:18:51]} 21. g4 {[%clk 0:55:15]} Ba6
{[%clk 0:08:01]} 22. gxf5 {[%clk 0:53:47]} gxf5 {[%clk 0:04:51]} 23. Bxf5
{[%clk 0:53:53]} Rh6 {[%clk 0:04:06]} 24. Rfe1 {[%clk 0:50:39]} Qh4
{[%clk 0:01:11]} 25. Kh1 {[%clk 0:42:58]} Qh5 {[%clk 0:01:08]} 26. Bc2
{[%clk 0:42:13]} Rc8 {[%clk 0:00:38]} 27. f5 {[%clk 0:39:55]} Kh8
{[%clk 0:00:32]} 28. Bd1 {[%clk 0:39:31]} Qh4 {[%clk 0:00:40]} 29. f6
{[%clk 0:38:49]} Bf8 {[%clk 0:00:37]} 30. Qxh4 {[%clk 0:38:59]} Rxh4
{[%clk 0:00:58]} 31. Bf2 {[%clk 0:39:22]} Rf4 {[%clk 0:00:47]} 32. Bg3
{[%clk 0:39:32]} Rd4 {[%clk 0:00:36]} 33. Bh5 {[%clk 0:39:27]} Rd2
{[%clk 0:00:36]} 34. Bxf7 {[%clk 0:37:40]} Bb7 {[%clk 0:00:45]} 35. Rac1
{[%clk 0:35:49]} Bc5 {[%clk 0:00:35]} 36. Bf4 {[%clk 0:22:16]} d4+
{[%clk 0:00:41]} 37. Kg1 {[%clk 0:22:42]} d3+ {[%clk 0:00:37]} 38. Rxc5
{[%clk 0:23:08]} Rg2+ {[%clk 0:00:48]} 39. Kf1 {[%clk 0:23:37]} Rxc5
{[%clk 0:00:47]} 40. Bc4 {[%clk 0:53:37]} Rg4 {[%clk 0:30:33]} 41. Bh6
{[%clk 0:53:33]} Rh4 {[%clk 0:23:15]} 42. Bg7# {[%clk 0:53:52]} 1-0

[Event "European Youth Chess Championship B12"]
[Site "Prague, Top Hotel Prague"]
[Date "2012.08.24"]
[Round "8.2"]
[White "Nguyen, Thai Dai Van"]
[Black "Bilan, Danila"]
[Result "1-0"]
[WhiteElo "2044"]
[BlackElo "1926"]
[PlyCount "0"]
[EventDate "2012.08.17"]

1. e4 {[%clk 1:30:53]} c6 {[%clk 1:30:46]} 2. d4 {[%clk 1:30:59]} d5
{[%clk 1:31:03]} 3. Nd2 {[%clk 1:31:16]} dxe4 {[%clk 1:31:07]} 4. Nxe4
{[%clk 1:31:30]} Bf5 {[%clk 1:31:20]} 5. Ng3 {[%clk 1:31:31]} Bg6
{[%clk 1:31:23]} 6. Nf3 {[%clk 1:31:17]} Nd7 {[%clk 1:31:18]} 7. Bc4
{[%clk 1:31:11]} e6 {[%clk 1:31:08]} 8. O-O {[%clk 1:30:44]} Ngf6
{[%clk 1:31:02]} 9. Bb3 {[%clk 1:30:11]} Bd6 {[%clk 1:29:33]} 10. Qe2
{[%clk 1:19:40]} O-O {[%clk 1:19:08]} 11. Re1 {[%clk 1:09:15]} Qc7
{[%clk 1:16:47]} 12. Ne5 {[%clk 1:06:24]} c5 {[%clk 1:11:26]} 13. Nxg6
{[%clk 1:04:07]} hxg6 {[%clk 1:11:45]} 14. Be3 {[%clk 1:01:59]} Rac8
{[%clk 1:04:38]} 15. c3 {[%clk 0:52:05]} c4 {[%clk 1:01:26]} 16. Bc2
{[%clk 0:51:40]} Nd5 {[%clk 1:01:07]} 17. Nf1 {[%clk 0:40:41]} Rfe8
{[%clk 0:52:53]} 18. h3 {[%clk 0:35:45]} b5 {[%clk 0:46:58]} 19. a3
{[%clk 0:31:09]} a5 {[%clk 0:38:48]} 20. Be4 {[%clk 0:27:44]} N7f6
{[%clk 0:30:14]} 21. Bf3 {[%clk 0:27:01]} b4 {[%clk 0:21:28]} 22. axb4
{[%clk 0:26:54]} axb4 {[%clk 0:21:55]} 23. Qc2 {[%clk 0:25:11]} Ra8
{[%clk 0:17:26]} 24. Bg5 {[%clk 0:19:42]} Reb8 {[%clk 0:09:02]} 25. Bxf6
{[%clk 0:11:28]} gxf6 {[%clk 0:09:11]} 26. Bxd5 {[%clk 0:09:02]} exd5
{[%clk 0:09:36]} 27. Ne3 {[%clk 0:09:19]} Qc6 {[%clk 0:09:41]} 28. Qe2
{[%clk 0:08:39]} bxc3 {[%clk 0:07:39]} 29. bxc3 {[%clk 0:08:14]} Rb3
{[%clk 0:05:58]} 30. Rxa8+ {[%clk 0:07:41]} Qxa8 {[%clk 0:06:24]} 31. Ng4
{[%clk 0:04:06]} Kg7 {[%clk 0:04:33]} 32. Qe3 {[%clk 0:02:31]} g5
{[%clk 0:04:22]} 33. Qf3 Qd8 34. g3 Bb4 35. Kh1 Qe8 {[%clk 0:04:33]} 36. Kg1
{[%clk 0:01:41]} Qd8 {[%clk 0:02:58]} 37. Re3 {[%clk 0:01:17]} Ba5
{[%clk 0:02:10]} 38. Kg2 {[%clk 0:01:24]} Rb6 {[%clk 0:02:20]} 39. h4
{[%clk 0:01:21]} Re6 {[%clk 0:01:41]} 40. h5 {[%clk 0:01:17]} Qd7
{[%clk 0:01:00]} 41. h6+ {[%clk 0:01:23]} Kg6 {[%clk 0:01:21]} 42. h7
{[%clk 0:31:33]} Qd8 {[%clk 0:31:16]} 43. Rxe6 {[%clk 0:24:57]} fxe6
{[%clk 0:31:40]} 44. Nxf6 {[%clk 0:24:08]} Qh8 {[%clk 0:31:29]} 45. Nd7
{[%clk 0:18:12]} Kh6 {[%clk 0:24:09]} 46. Nf8 {[%clk 0:17:21]} Qg7
{[%clk 0:18:51]} 47. Qf7 {[%clk 0:17:09]} 1-0

[Event "European Youth Chess Championship B12"]
[Site "Prague, Top Hotel Prague"]
[Date "2012.08.24"]
[Round "8.3"]
[White "Trubchaninov, Timur"]
[Black "Sarana, Alexey"]
[Result "0-1"]
[WhiteElo "1937"]
[BlackElo "2106"]
[PlyCount "0"]
[EventDate "2012.08.17"]

1. e4 {[%clk 1:30:48]} c5 {[%clk 1:30:56]} 2. Nf3 {[%clk 1:30:59]} d6
{[%clk 1:31:18]} 3. d4 {[%clk 1:31:23]} cxd4 {[%clk 1:31:42]} 4. Nxd4
{[%clk 1:31:46]} Nf6 {[%clk 1:32:07]} 5. Nc3 {[%clk 1:32:08]} Nc6
{[%clk 1:32:26]} 6. Bg5 {[%clk 1:26:53]} Bd7 {[%clk 1:32:40]} 7. Be2
{[%clk 1:25:50]} Qa5 {[%clk 1:26:17]} 8. Bxf6 {[%clk 1:21:44]} gxf6
{[%clk 1:26:19]} 9. Nb3 {[%clk 1:15:40]} Qb6 {[%clk 1:21:56]} 10. O-O
{[%clk 1:07:27]} e6 {[%clk 1:17:24]} 11. Kh1 {[%clk 0:56:37]} a6 {[%clk 1:09:38]}
12. f4 {[%clk 0:55:38]} Be7 {[%clk 1:08:27]} 13. Bh5 {[%clk 0:53:33]} Rg8
{[%clk 0:53:49]} 14. f5 {[%clk 0:38:37]} Kf8 {[%clk 0:52:27]} 15. Bg4
{[%clk 0:29:28]} Rg5 {[%clk 0:44:45]} 16. h4 {[%clk 0:27:28]} Rg7
{[%clk 0:44:48]} 17. Bh3 {[%clk 0:27:41]} Kg8 {[%clk 0:35:42]} 18. Ne2
{[%clk 0:20:27]} Qe3 {[%clk 0:29:46]} 19. Nf4 {[%clk 0:19:48]} e5
{[%clk 0:27:48]} 20. Nh5 {[%clk 0:20:07]} Qxe4 {[%clk 0:26:23]} 21. Nxg7
{[%clk 0:19:39]} Kxg7 {[%clk 0:26:48]} 22. Qg4+ {[%clk 0:16:25]} Qxg4
{[%clk 0:27:08]} 23. Bxg4 {[%clk 0:16:53]} Nb4 {[%clk 0:24:29]} 24. c3
{[%clk 0:16:18]} Nc2 {[%clk 0:24:23]} 25. Rac1 {[%clk 0:14:16]} Ne3
{[%clk 0:23:53]} 26. Bf3 {[%clk 0:14:35]} Nxf5 {[%clk 0:19:44]} 27. Kh2
{[%clk 0:13:02]} Rb8 {[%clk 0:18:50]} 28. Bg4 {[%clk 0:10:11]} Kg6
{[%clk 0:19:06]} 29. Kh3 {[%clk 0:06:15]} Be6 {[%clk 0:18:27]} 30. h5+
{[%clk 0:06:21]} Kg5 {[%clk 0:18:38]} 31. Nd2 {[%clk 0:05:15]} Ne3
{[%clk 0:17:32]} 32. Ne4+ {[%clk 0:05:35]} Kh6 {[%clk 0:17:51]} 33. Bxe6
{[%clk 0:05:00]} fxe6 {[%clk 0:17:48]} 34. Rf3 {[%clk 0:04:04]} Nd5
{[%clk 0:17:32]} 35. g4 {[%clk 0:03:01]} Nf4+ {[%clk 0:16:10]} 36. Kh2
{[%clk 0:03:04]} Rg8 {[%clk 0:15:20]} 37. Rg1 {[%clk 0:02:48]} d5
{[%clk 0:14:21]} 38. Nf2 {[%clk 0:02:59]} Bd6 {[%clk 0:13:13]} 39. Nh3
{[%clk 0:02:55]} Nxh3 {[%clk 0:10:02]} 40. Kxh3 {[%clk 0:33:11]} f5
{[%clk 0:38:51]} 41. Rff1 {[%clk 0:26:50]} f4 {[%clk 0:37:41]} 42. Re1
{[%clk 0:24:38]} b5 {[%clk 0:36:09]} 43. Rgf1 {[%clk 0:23:30]} e4
{[%clk 0:35:57]} 44. a3 {[%clk 0:20:21]} Kg5 {[%clk 0:34:59]} 45. Rd1
{[%clk 0:19:42]} f3 {[%clk 0:34:31]} 46. Rde1 {[%clk 0:18:55]} Kf4
{[%clk 0:34:50]} 0-1

[Event "European Youth Chess Championship B12"]
[Site "Prague, Top Hotel Prague"]
[Date "2012.08.24"]
[Round "8.4"]
[White "Goltsev, Dmitry"]
[Black "Lobanov, Sergei"]
[Result "0-1"]
[WhiteElo "1916"]
[BlackElo "2032"]
[PlyCount "0"]
[EventDate "2012.08.17"]

1. d4 {[%clk 1:30:55]} Nf6 {[%clk 1:30:56]} 2. Nc3 {[%clk 1:31:17]} d5
{[%clk 1:31:15]} 3. Bg5 {[%clk 1:31:35]} Nbd7 {[%clk 1:31:26]} 4. Qd3
{[%clk 1:31:53]} c5 {[%clk 1:27:29]} 5. O-O-O {[%clk 1:15:27]} e6
{[%clk 1:23:54]} 6. Nf3 {[%clk 1:10:52]} c4 {[%clk 1:18:37]} 7. Qd2
{[%clk 1:10:20]} Qa5 {[%clk 1:17:28]} 8. a3 {[%clk 1:06:00]} b5 {[%clk 1:12:56]}
9. Bxf6 {[%clk 1:00:10]} Nxf6 {[%clk 1:12:05]} 10. Na2 {[%clk 0:48:16]} b4
{[%clk 1:08:40]} 11. Nxb4 {[%clk 0:35:02]} Ne4 {[%clk 1:08:44]} 12. Qe1
{[%clk 0:33:41]} c3 {[%clk 1:08:41]} 13. Na2 {[%clk 0:28:25]} Bxa3
{[%clk 1:07:00]} 14. Nxc3 {[%clk 0:23:46]} Bxb2+ {[%clk 1:07:29]} 15. Kxb2
{[%clk 0:22:47]} Rb8+ {[%clk 1:07:57]} 16. Kc1 {[%clk 0:22:51]} Qa3#
{[%clk 1:08:26]} 0-1

[Event "European Youth Chess Championship B12"]
[Site "Prague, Top Hotel Prague"]
[Date "2012.08.24"]
[Round "8.5"]
[White "Grigorjev, Iljya"]
[Black "Grela, Kacper"]
[Result "1-0"]
[WhiteElo "1980"]
[BlackElo "1894"]
[PlyCount "0"]
[EventDate "2012.08.17"]

1. e4 {[%clk 1:30:57]} d5 {[%clk 1:30:56]} 2. exd5 {[%clk 1:31:22]} Qxd5
{[%clk 1:31:21]} 3. Nc3 {[%clk 1:31:46]} Qd6 {[%clk 1:31:47]} 4. d4
{[%clk 1:31:50]} Nf6 {[%clk 1:32:11]} 5. Nf3 {[%clk 1:31:20]} a6 {[%clk 1:32:36]}
6. g3 {[%clk 1:29:37]} Bg4 {[%clk 1:32:57]} 7. Bg2 {[%clk 1:28:55]} Nc6
{[%clk 1:33:20]} 8. O-O {[%clk 1:11:37]} O-O-O {[%clk 1:33:17]} 9. h3
{[%clk 1:06:13]} Bh5 {[%clk 1:28:10]} 10. Bf4 {[%clk 1:02:06]} Qb4
{[%clk 1:25:36]} 11. g4 {[%clk 0:55:55]} Bg6 {[%clk 1:25:41]} 12. Qc1
{[%clk 0:55:07]} Nxd4 {[%clk 1:13:50]} 13. Nxd4 {[%clk 0:53:53]} Rxd4
{[%clk 1:13:55]} 14. a3 {[%clk 0:41:19]} Qc4 {[%clk 1:11:32]} 15. Be5
{[%clk 0:39:55]} Rd8 {[%clk 1:11:07]} 16. Qe3 {[%clk 0:35:52]} b6
{[%clk 0:44:11]} 17. Rfd1 {[%clk 0:25:26]} Rxd1+ {[%clk 0:39:44]} 18. Rxd1
{[%clk 0:25:50]} Qe6 {[%clk 0:35:16]} 19. Qf3 {[%clk 0:23:08]} c6
{[%clk 0:33:57]} 20. Bh2 {[%clk 0:23:08]} Kb7 {[%clk 0:27:48]} 21. Qg3
{[%clk 0:20:58]} Qc8 {[%clk 0:27:48]} 22. Bxc6+ {[%clk 0:20:37]} Ka7
{[%clk 0:23:16]} 23. Qc7+ {[%clk 0:12:20]} Qxc7 {[%clk 0:23:29]} 24. Bxc7
{[%clk 0:12:47]} e5 {[%clk 0:20:57]} 25. Rd8 {[%clk 0:11:49]} Bd6
{[%clk 0:21:23]} 26. Rxh8 {[%clk 0:12:12]} Bxc7 {[%clk 0:21:49]} 27. Ra8#
{[%clk 0:12:38]} 1-0

[Event "European Youth Chess Championship B12"]
[Site "Prague, Top Hotel Prague"]
[Date "2012.08.24"]
[Round "8.6"]
[White "Elistratov, Semen"]
[Black "Hakobyan, Aram"]
[Result "1-0"]
[WhiteElo "1994"]
[BlackElo "1833"]
[PlyCount "0"]
[EventDate "2012.08.17"]

1. e4 {[%clk 1:30:57]} c5 {[%clk 1:30:43]} 2. Nf3 {[%clk 1:31:19]} d6
{[%clk 1:30:49]} 3. d4 {[%clk 1:31:43]} cxd4 {[%clk 1:31:02]} 4. Nxd4
{[%clk 1:32:10]} Nf6 {[%clk 1:31:07]} 5. Nc3 {[%clk 1:32:34]} a6 {[%clk 1:31:22]}
6. h3 {[%clk 1:32:39]} e6 {[%clk 1:31:29]} 7. g4 {[%clk 1:32:23]} Be7
{[%clk 1:31:15]} 8. Bg2 {[%clk 1:31:29]} Nfd7 {[%clk 1:31:37]} 9. g5
{[%clk 1:28:57]} Nc6 {[%clk 1:27:35]} 10. f4 {[%clk 1:21:24]} O-O
{[%clk 1:14:11]} 11. h4 {[%clk 1:06:34]} Nxd4 {[%clk 0:51:21]} 12. Qxd4
{[%clk 1:06:43]} e5 {[%clk 0:51:49]} 13. Qf2 {[%clk 0:57:12]} exf4
{[%clk 0:40:41]} 14. Bxf4 {[%clk 0:55:11]} Ne5 {[%clk 0:36:54]} 15. O-O-O
{[%clk 0:51:08]} Qa5 {[%clk 0:28:35]} 16. Nd5 {[%clk 0:40:27]} Bd8
{[%clk 0:29:05]} 17. Kb1 {[%clk 0:40:07]} Bg4 {[%clk 0:27:10]} 18. Bxe5
{[%clk 0:35:12]} dxe5 {[%clk 0:26:58]} 19. Bf3 {[%clk 0:33:25]} Be6
{[%clk 0:26:52]} 20. Qg3 {[%clk 0:32:29]} Bc7 {[%clk 0:22:47]} 21. h5
{[%clk 0:30:19]} Bxd5 {[%clk 0:23:00]} 22. Rxd5 {[%clk 0:30:26]} Qb6
{[%clk 0:23:19]} 23. Bg4 {[%clk 0:27:56]} Rad8 {[%clk 0:21:51]} 24. Bd7
{[%clk 0:27:03]} Bd6 {[%clk 0:14:07]} 25. Bf5 {[%clk 0:26:27]} Bc5
{[%clk 0:07:56]} 26. g6 {[%clk 0:24:55]} Rxd5 {[%clk 0:08:21]} 27. gxh7+
{[%clk 0:24:47]} Kh8 {[%clk 0:08:47]} 28. exd5 {[%clk 0:25:02]} Qf6
{[%clk 0:08:29]} 29. Qg4 {[%clk 0:23:10]} Rd8 {[%clk 0:08:58]} 30. Qe4
{[%clk 0:22:56]} Qd6 {[%clk 0:07:53]} 31. Rd1 {[%clk 0:20:26]} b5
{[%clk 0:08:22]} 32. c3 {[%clk 0:20:14]} a5 {[%clk 0:07:51]} 33. Qg4
{[%clk 0:16:43]} b4 {[%clk 0:06:28]} 34. c4 {[%clk 0:16:56]} Bd4 {[%clk 0:06:36]}
35. Be4 {[%clk 0:16:37]} Qf6 {[%clk 0:04:08]} 36. Qf5 {[%clk 0:15:31]} Qxf5
{[%clk 0:00:59]} 37. Bxf5 {[%clk 0:15:56]} Rd6 {[%clk 0:00:54]} 38. Be4
{[%clk 0:13:23]} Bc5 {[%clk 0:00:51]} 39. Rf1 {[%clk 0:12:25]} f6
{[%clk 0:01:21]} 40. Kc2 {[%clk 0:40:55]} a4 {[%clk 0:31:34]} 41. Rf3
{[%clk 0:38:51]} Rd7 {[%clk 0:30:28]} 42. Rg3 {[%clk 0:38:08]} Rd8
{[%clk 0:24:17]} 43. Bg6 {[%clk 0:36:02]} Rf8 {[%clk 0:24:07]} 44. Bf5
{[%clk 0:34:32]} Rb8 {[%clk 0:22:24]} 45. Bg6 {[%clk 0:32:33]} Rf8
{[%clk 0:22:33]} 46. h6 {[%clk 0:30:33]} gxh6 {[%clk 0:19:12]} 47. Bf5
{[%clk 0:30:55]} h5 {[%clk 0:17:49]} 48. Kd3 {[%clk 0:27:30]} h4 {[%clk 0:15:02]}
49. Rg4 {[%clk 0:26:56]} h3 {[%clk 0:14:50]} 50. Ke4 {[%clk 0:26:39]} Bf2
{[%clk 0:08:38]} 51. Kf3 {[%clk 0:25:32]} Bc5 {[%clk 0:07:46]} 52. Kg3
{[%clk 0:25:31]} Rb8 {[%clk 0:07:56]} 53. b3 {[%clk 0:23:48]} axb3
{[%clk 0:07:42]} 54. axb3 {[%clk 0:24:16]} Rd8 {[%clk 0:06:54]} 55. Kxh3
{[%clk 0:24:31]} Re8 {[%clk 0:06:53]} 56. Kh4 {[%clk 0:24:17]} Rd8
{[%clk 0:06:15]} 57. Kh5 {[%clk 0:24:00]} Rf8 {[%clk 0:04:33]} 58. Kg6
{[%clk 0:23:51]} Bd6 {[%clk 0:04:36]} 59. Rg2 {[%clk 0:23:41]} Be7
{[%clk 0:03:28]} 60. Ra2 {[%clk 0:23:24]} Bd8 {[%clk 0:03:51]} 61. Ra7
{[%clk 0:22:28]} e4 {[%clk 0:04:20]} 62. Rg7 {[%clk 0:22:01]} e3 {[%clk 0:04:16]}
63. Be6 {[%clk 0:22:10]} 1-0

[Event "European Youth Chess Championship B12"]
[Site "Prague, Top Hotel Prague"]
[Date "2012.08.24"]
[Round "8.7"]
[White "Livaic, Leon"]
[Black "Yurovskich, Oleksandr"]
[Result "1-0"]
[WhiteElo "1869"]
[BlackElo "2012"]
[PlyCount "0"]
[EventDate "2012.08.17"]

1. d4 {[%clk 1:30:55]} d5 {[%clk 1:30:48]} 2. Nf3 {[%clk 1:31:20]} Nf6
{[%clk 1:31:02]} 3. c4 {[%clk 1:31:40]} e6 {[%clk 1:31:04]} 4. Nc3
{[%clk 1:31:52]} c6 {[%clk 1:31:23]} 5. Bg5 {[%clk 1:32:13]} dxc4
{[%clk 1:31:42]} 6. e4 {[%clk 1:32:28]} b5 {[%clk 1:32:05]} 7. e5
{[%clk 1:32:39]} h6 {[%clk 1:32:26]} 8. Bh4 {[%clk 1:33:02]} g5 {[%clk 1:32:48]}
9. Nxg5 {[%clk 1:33:14]} hxg5 {[%clk 1:33:11]} 10. Bxg5 {[%clk 1:33:39]} Nbd7
{[%clk 1:33:34]} 11. exf6 {[%clk 1:33:42]} Bb7 {[%clk 1:29:38]} 12. g3
{[%clk 1:33:13]} c5 {[%clk 1:28:40]} 13. d5 {[%clk 1:33:19]} Nxf6
{[%clk 1:28:06]} 14. Bg2 {[%clk 1:29:22]} Be7 {[%clk 1:26:33]} 15. O-O
{[%clk 1:27:43]} Nxd5 {[%clk 1:26:32]} 16. Bxe7 {[%clk 1:27:09]} Kxe7
{[%clk 1:26:51]} 17. Nxb5 {[%clk 1:26:31]} Qa5 {[%clk 1:26:05]} 18. Na3
{[%clk 1:26:29]} c3 {[%clk 1:14:34]} 19. Nc4 {[%clk 1:23:44]} Qa6
{[%clk 1:13:39]} 20. b3 {[%clk 1:22:29]} Rag8 {[%clk 0:59:37]} 21. Qf3
{[%clk 1:17:19]} Ba8 {[%clk 0:53:47]} 22. Rfe1 {[%clk 1:11:02]} Rd8
{[%clk 0:32:33]} 23. Ne5 {[%clk 1:04:17]} Rhf8 {[%clk 0:31:30]} 24. Rad1
{[%clk 0:49:02]} c2 {[%clk 0:18:35]} 25. Rc1 {[%clk 0:49:04]} Qxa2
{[%clk 0:17:26]} 26. Ra1 {[%clk 0:46:57]} Nb4 {[%clk 0:13:29]} 27. Qc3
{[%clk 0:43:55]} Qxa1 {[%clk 0:10:29]} 28. Qxa1 {[%clk 0:43:52]} Bxg2 29. Kxg2
{[%clk 0:43:41]} a6 {[%clk 0:06:25]} 30. Rc1 {[%clk 0:39:34]} Rd5
{[%clk 0:06:18]} 31. Ng4 {[%clk 0:38:42]} Rfd8 {[%clk 0:06:16]} 32. Ne3
{[%clk 0:38:55]} Rd2 {[%clk 0:06:04]} 33. Qc3 {[%clk 0:38:30]} Ke8
{[%clk 0:04:32]} 34. Rxc2 {[%clk 0:31:59]} Nxc2 {[%clk 0:04:39]} 35. Nxc2
{[%clk 0:32:24]} Re2 {[%clk 0:04:11]} 36. Qxc5 {[%clk 0:31:03]} Rdd2
{[%clk 0:04:32]} 37. Nb4 {[%clk 0:31:23]} a5 {[%clk 0:04:34]} 38. Nc6
{[%clk 0:31:35]} Kd7 {[%clk 0:04:34]} 39. Ne5+ {[%clk 0:31:31]} Ke8
{[%clk 0:04:52]} 40. Nc4 {[%clk 1:00:23]} 1-0

[Event "European Youth Chess Championship B12"]
[Site "Prague, Top Hotel Prague"]
[Date "2012.08.24"]
[Round "8.8"]
[White "Lukiyanchuk, Vladislav"]
[Black "Skripka, Nikita"]
[Result "1-0"]
[WhiteElo "1968"]
[BlackElo "1916"]
[PlyCount "0"]
[EventDate "2012.08.17"]

1. d4 {[%clk 1:30:54]} Nf6 {[%clk 1:30:54]} 2. Nf3 {[%clk 1:31:17]} g6
{[%clk 1:31:10]} 3. c4 {[%clk 1:31:32]} Bg7 {[%clk 1:31:28]} 4. g3
{[%clk 1:31:55]} d6 {[%clk 1:31:45]} 5. Bg2 {[%clk 1:32:18]} O-O {[%clk 1:32:06]}
6. O-O {[%clk 1:32:42]} Nbd7 {[%clk 1:32:10]} 7. Qc2 {[%clk 1:32:56]} e5
{[%clk 1:32:13]} 8. Rd1 {[%clk 1:33:19]} Re8 {[%clk 1:31:26]} 9. dxe5
{[%clk 1:31:02]} dxe5 {[%clk 1:30:53]} 10. e4 {[%clk 1:31:26]} c6
{[%clk 1:29:37]} 11. h3 {[%clk 1:31:42]} Qe7 {[%clk 1:28:12]} 12. Be3
{[%clk 1:32:00]} Nc5 {[%clk 1:26:34]} 13. Nc3 {[%clk 1:31:06]} a5
{[%clk 1:26:21]} 14. a3 {[%clk 1:29:10]} a4 {[%clk 1:13:14]} 15. Bxc5
{[%clk 1:27:17]} Qxc5 {[%clk 1:13:39]} 16. Nxa4 {[%clk 1:27:39]} Rxa4
{[%clk 1:13:51]} 17. Qxa4 {[%clk 1:28:04]} Nxe4 {[%clk 1:14:13]} 18. Qc2
{[%clk 1:25:33]} Nxg3 {[%clk 1:14:17]} 19. b4 {[%clk 1:25:23]} Qa7
{[%clk 1:14:35]} 20. c5 {[%clk 1:25:37]} Nh5 21. Ng5 {[%clk 1:22:11]} Nf4
{[%clk 0:57:57]} 22. Qc4 {[%clk 1:15:45]} Rf8 {[%clk 0:56:17]} 23. Rd6
{[%clk 1:14:27]} Bf5 {[%clk 0:49:02]} 24. Be4 {[%clk 1:11:44]} Nxh3+
{[%clk 0:44:30]} 25. Nxh3 {[%clk 1:12:10]} Bxh3 {[%clk 0:44:56]} 26. a4
{[%clk 1:11:01]} Qb8 {[%clk 0:43:35]} 27. a5 {[%clk 1:10:07]} Qc8
{[%clk 0:43:11]} 28. Ra3 {[%clk 1:10:27]} Be6 {[%clk 0:40:34]} 29. Qe2
{[%clk 1:10:18]} f5 {[%clk 0:39:49]} 30. Bb1 {[%clk 1:07:16]} Kh8
{[%clk 0:29:33]} 31. a6 {[%clk 1:02:47]} bxa6 {[%clk 0:14:31]} 32. Qxa6
{[%clk 1:00:32]} Qxa6 {[%clk 0:13:27]} 33. Rxa6 {[%clk 1:00:59]} Bd5
{[%clk 0:13:51]} 34. Ba2 {[%clk 1:00:52]} Bxa2 {[%clk 0:05:24]} 35. Rxa2
{[%clk 1:01:20]} e4 {[%clk 0:04:55]} 36. Rxc6 {[%clk 1:01:33]} Re8
{[%clk 0:04:50]} 37. b5 {[%clk 1:01:41]} f4 {[%clk 0:04:18]} 38. b6
{[%clk 1:01:51]} e3 {[%clk 0:03:51]} 39. fxe3 {[%clk 1:02:11]} fxe3
{[%clk 0:04:17]} 40. b7 {[%clk 1:32:33]} Bd4 {[%clk 0:33:48]} 41. Re2
{[%clk 1:31:41]} Be5 {[%clk 0:33:32]} 42. Rc8 {[%clk 1:31:54]} Rg8
{[%clk 0:33:58]} 43. Rxe3 {[%clk 1:32:07]} 1-0